000 01272nam a22003132a 4500
001 5312
003 UkOxU
005 20211208234039.0
008 131224s1969 enkacf b 001 0 eng d
020 _a0710032803
035 _aOCLC ocm00039043 from D960213M
040 _aDLC
_cDLC
_dUKM
_dEQO
_dBD-Rju
_beng
041 _aeng
082 _a335.009
_bLAH
100 1 _aLaidler, Harry W.
_q(Harry Wellington),
_d1884-1970.
_916703
245 1 0 _aHistory of socialism :
_ba comparative survey of socialism, communism, trade unionism, cooperation, utopianism, and other systems of reform and reconstruction /
_c[by] Harry W. Laidler
260 _aLondon :
_bRoutledge & K. Paul,
_c1968 [i.e. 1969]
300 _axx, 970 p.
_b16 plates, illus., ports.
_c24 cm
490 1 _aInternational library of sociology and social reconstruction (Routledge & Kegan Paul)
500 _a1944 and 1949 ed. published under title: Social-economic movements
504 _aBibliography: p. 877-941
650 0 _aSocialism
_xHistory
_910723
650 0 _aCommunism
_xHistory
_916704
650 0 _aUtopias
_916705
830 0 _aInternational library of sociology and social reconstruction (Routledge & Kegan Paul)
_916711
942 _2ddc
_cBK
999 _c5312
_d5312